Identidades /

Guardado en:
Autor Principal: Perczyk, Jaime.
Autor Corporativo: Ministerio de Educación de la Nación.
Formato: Libro
Idioma:Undetermined
Publicado: Buenos Aires : Ministerio de Educación de la Nación, 2021.
Series:Colección Derechos Humanos, Género y ESI en la escuela
Materias:
ESI
Acceso en línea:https://www.educ.ar/recursos/157478/coleccion-derechos-humanos-genero-y-esi-en-la-escuela
Etiquetas: Agregar Etiqueta
Sin Etiquetas, Sea el primero en etiquetar este registro!
LEADER 02158nam a22003135a 4500
001 CEM.cems019531
008 220913s2021####ag############000#0#und#d
005 20231122122606.0
245 1 0 |a Identidades /  |c Jaime Perczyk. 
260 |a Buenos Aires :  |b Ministerio de Educación de la Nación,  |c 2021. 
300 |a 87 p. 
490 1 |a Colección Derechos Humanos, Género y ESI en la escuela 
500 |a Existe versión digital PDF/A. 
500 |a Archivo Digital: descarga y online. 
505 0 |a Escuela, democracia y ciudadanía -- Introducción -- Un concepto atravesado por múltiples dimensiones -- ¿De qué hablamos cuando hablamos de identidades en las escuelas? -- Una primera aproximación al concepto de identidad -- La identidad individual -- La identidad colectiva -- La identidad nacional -- Establecer relaciones entre identidad y migraciones -- La lucha por el derecho a la identidad en nuestro país -- La identidad de género -- Las políticas de identidad -- Vínculo con la tarea docente -- La identidad docente -- La identidad nacional en la escuela -- Escuela y diversidad cultural -- Identidad y ESI -- Las identidades en el aula -- La identidad como tema de enseñanza -- Efemérides para pensar la identidad en la escuela -- 8 de Marzo. Día Internacional de las Mujeres -- 12 de Octubre. Día del Respeto a la Diversidad Cultural -- 22 de Octubre. Día Nacional del derecho a la identidad -- La identidad como contenido transversal -- Identidad y memoria -- Propuestas de actividades para trabajar las identidades en el aula -- Recursero 
020 |a 9789500015233 
100 1 |a Perczyk, Jaime. 
110 2 |a Ministerio de Educación de la Nación. 
653 |a Derechos 
653 |a Derechos Humanos 
653 |a ESI 
653 |a Educación Sexual Integral 
653 |a Derechos del niño 
653 |a Formación Docente 
653 |a Género 
653 |a Identidad 
856 |u https://www.educ.ar/recursos/157478/coleccion-derechos-humanos-genero-y-esi-en-la-escuela 
859 |a CEMS  |b BIB. CEMS - Agricultura  |h 371.76  |i P412-6  |p A3541.23  |t Ej.1 
859 |a CEMS  |b BIB. CEMS - 11 de abril  |h 371.76  |i P412-6  |p 29362.22  |t Ej.1